00875nam a2200229 a 450000100100000000500170001000800410002702000180006804000250008608200130011124501120012426000560023630000290029250400250032170000370034670000350038370000390041870000300045770000300048795201110051799900170062800004140120201002034845.0131002s2008 uy o 000 0 spa d a9789974550292 aDO-SdBNPbspacBNPHU axxxbxxx03aLa guerra del Paraguay en fotografías. /cAlberto del Pino Menck, [et.al.]; prólogo, Tomás de Mattos. aMontevideo, Uruguay, :bBiblioteca nacional,c2008. a224 p. :bfot. ;c21 cm. aBibliografía p: 231 aMattos, Tomás deeprol.9680521 aPino Menck, Alberto del9680531 aFernández Labeque, Alicia9680541 aGargiulo, Graciela9680551 aVilla, Oscar Jorge968056 001050718MOaGRbGRcCTd2013-10-02iLF1l0oxxx xxxp41401-10r2020-06-25w2020-06-25y1ZNo se presta c40891d40891